Talks By Nirodbaran (Record no. 209374)

MARC details
000 -LEADER
fixed length control field 00597nam a22001817a 4500
005 - DATE AND TIME OF LATEST TRANSACTION
control field 20250219120007.0
010 ## - LCCN (DPL NO)
LC control number ENG-143880
020 ## - INTERNATIONAL STANDARD BOOK NUMBER
Terms of availability 280.00
International Standard Book Number 9789352102884
035 ## - SYSTEM CONTROL NUMBER
System control number EN-127312
037 ## - SOURCE OF ACQUISITION
Source of stock number/acquisition DBAD
082 ## - DEWEY DECIMAL CLASSIFICATION NUMBER
Classification number 188.499
Edition number 01
100 ## - MAIN ENTRY--PERSONAL NAME
Personal name Panda Sunayana
245 ## - TITLE STATEMENT
Title Talks By Nirodbaran
Statement of responsibility, etc By Sunayana Panda
Remainder of title April 1971- September
Medium English
260 ## - PUBLICATION, DISTRIBUTION, ETC. (IMPRINT)
Place of publication, distribution, etc Pondicherry
Name of publisher, distributor, etc Sri Aurobindo Ashram Publication Department
Date of publication, distribution, etc 2023
270 ## - ADDRESS
City Pondicherry
Address Sri Aurobindo Ashram Trust
Postal code 605002
300 ## - PHYSICAL DESCRIPTION
Extent 218 pp
Dimensions 22cm(pbk)
942 ## - ADDED ENTRY ELEMENTS (KOHA)
Source of classification or shelving scheme Dewey Decimal Classification
Item type English Books
Classification part 188.499
Call number suffix PAN
Edition 01
Holdings
Withdrawn status Lost status Not for loan Collection code Home library Current library Date acquired Source of acquisition Cost, normal purchase price Full call number Barcode Cost, replacement price Koha item type
      Non-fiction Central Library Central Library 19/02/2025 DBAD/PUB 280.00 188.499 PAN EN-127312 280.00 English Books

© Delhi Public Library
Hit Counter
free hit counter